Occurrence and biogeographic significance of the southern spiny pocket mouse Heteropys australis in Venezuela (Registro nro. 10080)

Detalles MARC
000 -CABECERA
Campo de control 006140000a22001930004500
090 ## - CLASIFICACIÓN LOCAL
Colección AR
Consecutivo 00992
041 0# - IDIOMA
Código de idioma para texto/pista de sonido o título separado
100 1# - ASIENTO PRINCIPAL--NOMBRE PERSONAL
Nombre personal Anderson, Robert P.
245 10 - MENCION DE TITULO
Título Occurrence and biogeographic significance of the southern spiny pocket mouse Heteropys australis in Venezuela
650 14 - ASIENTO SECUNDARIO DE MATERIA - TERMINO TEMATICO
Término temático o nombre geográfico como elemento de entrada Biogeografía
650 14 - ASIENTO SECUNDARIO DE MATERIA - TERMINO TEMATICO
Término temático o nombre geográfico como elemento de entrada Fauna
650 14 - ASIENTO SECUNDARIO DE MATERIA - TERMINO TEMATICO
Término temático o nombre geográfico como elemento de entrada Roedores
651 #4 - ASIENTO SECUNDARIO DE MATERIA - NOMBRE GEOGRAFICO
-- Australia
651 #4 - ASIENTO SECUNDARIO DE MATERIA - NOMBRE GEOGRAFICO
-- Venezuela
653 ## - TERMINO DE INDIZACION - NO CONTROLADO
-- Heteromys
-- Heteromys australis
700 1# - ASIENTO SECUNDARIO - NOMBRE PERSONAL
Nombre personal Soriano M., Pascual J.
773 1# - Item fuente:
Título Z. Säugetierkunde
Especificación de materiales 358
Descripción física 64
Paginas del Articulo 121-125
Lugar, editorial y fecha de publicación 1999
942 ## - ELEMENTOS ADICIONALES (KOHA)
Tipo de ítem Artículo
Existencias
Withdrawn status Lost status Damaged status No para préstamo Colección Ubicación Permanente Ubicación actual Fecha de adquisición Datos de publicación Seriada Total Checkouts Número topográfico Inventario / Código de Barras Date last seen Ejemplar Price effective from Forma de adquisición Tipo de material
      No para Préstamo Hemeroteca Bogotá Bogotá 27/02/2015 Fuera de circulación   AR 00992 011301 25/03/2015 1 25/03/2015   Artículo